| 000 | 01103nam a22003251a 4500 | ||
|---|---|---|---|
| 003 | EG-ScBUE | ||
| 005 | 20220612110010.0 | ||
| 008 | 150405s2012 enka f b 000 0 eng d | ||
| 020 | _a9781908614346 | ||
| 040 |
_aEG-ScBUE _beng _erda _cEG-ScBUE _dEG-ScBUE |
||
| 082 | 0 | 4 |
_a428.24 _bCAM _222 |
| 100 | 1 |
_aCampbell, Colin, _d1950- _eauthor. _937584 |
|
| 245 | 1 | 0 |
_aListening, _pTeacher's book / _cColin Campbell and Jonathan Smith. |
| 246 | 3 | 0 | _aTeacher's book |
| 250 | _aNew edition. | ||
| 264 | 1 |
_aReading, UK : _bGarnet Publishing Ltd, _c2012. |
|
| 300 |
_a113 pages : _billustrations ; _c28 cm. |
||
| 336 |
_2rdacontent _atext _btxt |
||
| 337 |
_2rdamedia _aunmediated _bn |
||
| 338 |
_2rdacarrier _avolume _bnc |
||
| 490 | 0 | _aEnglish for academic study | |
| 500 | _aIncludes appendix. | ||
| 504 | _aIncludes bibliographical references. | ||
| 650 | 7 |
_910347 _aEnglish language _xSpoken English _vProblems, exercises, etc. _2BUEsh |
|
| 651 | _2BUEsh | ||
| 653 |
_cApril2015 _bHHUUEENN |
||
| 655 |
_vReading book _934232 |
||
| 700 | 1 |
_aSmith, Jonathan, _eauthor. _937585 |
|
| 942 |
_2ddc _k428.24 CAM _cTR |
||
| 999 |
_c19160 _d19132 |
||